000 00822nac a22002417a 4500
001 BR4400171
003 BR-BrBNA
005 20240105112835.0
008 230509b bl.|||m| |||| 00| 0 por d
040 _aBR-BrBNA
_bpor
_cBiblioteca Nacional de Agricultura
072 _aE10; E70
090 _aE10 BR4400171
110 1 _aBanco do Brasil S.A., Rio de Janeiro, GB
245 1 _aRelatorio do Banco do Brasil S.A. de 1943 apresentado a assembleia geral dos acionistas na sessao ordinaria de 27 de abril de 1944
260 3 _aRio de Janeiro, GB (Brasil):
_c1944.
300 _a227 p.
490 _aRelatorio - Banco do Brasil S.A. (Brazil)
_v
_x
650 _aCOMERCIO EXTERIOR
650 _aFINANCIAMENTO
650 _aCREDITO AGRICOLA
909 _a202312
_bLúcia Elande
_c55
_dLúcia Elande
942 _2AGRIS
_n0
_cMS
999 _c260551
_d260551